000 00584nam a2200205Ia 4500
003 GCL
008 140319s9999 xx 000 0 ara d
040 _aGCL /
_cGCL
082 0 4 _aق
_b962.054
_bط ف
100 1 _aطاهر احمد الطناحى
245 1 0 _aفاروق الآول /
_cطاهر احمد الطناحى
260 _a[S.N] :
_bدار الهلال للطباعة والنشر ،
_c1936
300 _a190
490 _a
650 0 4 _aالعصر الحديث
650 0 4 _aمصر
650 0 4 _aتاريخ
650 0 4 _aالملك فاروق
942 _2ddc
_cBK
999 _c36761
_d36761